00321nam a2200109Ia 4500008004100000082001600041100001900057245002600076260002800102300000800130650007300138211119s9999||||xx |||||||||||||| ||und|| a920 bKAR-C aKarassery, M N 0aChekanoorinte Raktham bPappiyonaCalicutc2001 a96p aHistoryvBiographyGreat PersonalitiesEconomicsxPGR-GANDHIAN STUDIES